| 000 | 00762cab a2200253 4500 | ||
|---|---|---|---|
| 001 | ABS57899 | ||
| 008 | 090401t1997 xxu||||| |||| 00| 0 eng d | ||
| 035 | _a(Sirsi) u82329 | ||
| 041 | _aeng | ||
| 100 | _aSands, D. | ||
| 245 | _aEast side storeys | ||
| 260 | _c1997 | ||
| 350 | _a0 | ||
| 490 |
_aEstates Gazette _v(9746) 15 November 1997, 132-133(2) |
||
| 520 | _aAssesses the surge in construction work and recent deals in London Docklands. | ||
| 650 | _aCANARY WHARF | ||
| 650 | _aLONDON DOCKLANDS | ||
| 650 | _aLONDON | ||
| 650 | _aPROPERTY-COMMERCIAL PROPERTY-OFFICE PROPERTY-OFFICE PROPERTY MARKET | ||
| 650 | _aSUPPLY AND DEMAND | ||
| 690 | _aPROPERTY-COMMERCIAL PROPERTY-COMMERCIAL PROPERTY MARKET | ||
| 942 | _n0 | ||
| 948 | _c25/11/1997 | ||
| 999 |
_c51960 _d51960 |
||